Statistics for Formula E Podium Finishers

Click here to take the quiz!

General Stats

  • This quiz has been taken 7 times
  • The average score is 25 of 35

Answer Stats

NationalityPodiumsDriver% Correct
Portuguese14António Félix da Costa
100%
French30Jean-Éric Vergne
100%
Brazilian36Lucas di Grassi
100%
German4Maximilian Günther
100%
New Zealand15Mitch Evans
100%
French5Nicolas Prost
100%
Dutch7Nyck de Vries
100%
British22Sam Bird
100%
Swiss29Sébastien Buemi
100%
Belgian12Stoffel Vandoorne
100%
German8André Lotterer
86%
Swiss11Edoardo Mortara
86%
Swedish7Felix Rosenqvist
86%
Brazilian5Nelson Piquet Jr.
86%
New Zealand2Nick Cassidy
86%
French1Norman Nato
86%
British3Alexander Sims
71%
Brazilian1Bruno Senna
71%
German10Daniel Abt
71%
British3Jake Dennis
71%
German8Nick Heidfeld
71%
German3Pascal Wehrlein
71%
Dutch12Robin Frijns
71%
Belgian9Jérôme d'Ambrosio
57%
British5Oliver Rowland
57%
British3Alex Lynn
43%
Argentine2José Maria López
43%
Swiss1Nico Müller
43%
British1Oliver Turvey
43%
American1Scott Speed
43%
Brazilian1Felipe Massa
29%
French1Franck Montagny
29%
French2Loïc Duval
29%
French3Stéphane Sarrazin
29%
German2René Rast
14%

Score Distribution

Percentile by Number Answered

Percent of People with Each Score

Your Score History

You have not taken this quiz